Buscando a Alaska /

Miles se siente aburrido de su monótona existencia, e inicia su propia búsqueda. Se muda par terminar sus estudios y comienza a despertar a la recién descubierta libertad y sus nuevos amigos.

Guardado en:
Autor Principal: Green, John, 2014.
Formato: Libro
Idioma:Undetermined
Publicado: México : Castillo, 2014.
Edición:1a ed.
Materias:
Etiquetas: Agregar Etiqueta
Sin Etiquetas, Sea el primero en etiquetar este registro!
LEADER 00819nam a22002055a 4500
001 CEM.cems025097
008 260407s2014####mx############000#0#und#d
005 20260407123648.0
245 1 0 |a Buscando a Alaska /  |c John Green ; traducción por Cecilia Aura Cross. 
250 |a 1a ed. 
260 |a México :  |b Castillo,  |c 2014. 
300 |a 255 p. ;  |c 20 cm. 
500 |a Del autor de Bajo la misma estrella. 
520 |a Miles se siente aburrido de su monótona existencia, e inicia su propia búsqueda. Se muda par terminar sus estudios y comienza a despertar a la recién descubierta libertad y sus nuevos amigos. 
020 |a 9786076210796 
100 1 |a Green, John,  |d 2014. 
082 0 4 |a 813.5 
653 |a Literatura juvenil 
653 |a Novelas juveniles 
859 |a CEMS  |b BIB. CEMS - Agricultura  |h 813.5  |i G820-1  |p A4032.25  |t Ej.1